| 000 | 00000nam 2200000zi 4500 |
| 001 | 9.933270 |
| 003 | CaOODSP |
| 005 | 20240710082141 |
| 006 | m o d f |
| 007 | cr ||||||||||| |
| 008 | 240201t20242024onc ob f000 0 fre d |
| 020 | |a9780660699752 |
| 040 | |aCaOODSP|bfre|erda|cCaOODSP |
| 043 | |an-cn-bc |
| 086 | 1 |aMR4-186/2024F-PDF |
| 245 | 00|aÉvaluation de l'exemption en Colombie-Britannique visant la possession personnelle de petites quantités de drogues illicites réunion semestrielle : |bcompte rendu. |
| 264 | 1|a[Ottawa] : |bInstituts de recherche en santé du Canada = Canadian Institutes of Health Research, |c2024. |
| 264 | 4|c©2024 |
| 300 | |a1 ressource en ligne (7 pages) |
| 336 | |atexte|btxt|2rdacontent/fre |
| 337 | |ainformatique|bc|2rdamedia/fre |
| 338 | |aressource en ligne|bcr|2rdacarrier/fre |
| 500 | |aPublié aussi en anglais sous le titre : Evaluation of the British Columbia exemption to allow for personal possession of small amounts of illegal drugs semi-annual meeting: what we heard report. |
| 500 | |a« Date de la réunion : 23 novembre 2023. Lieu : Réunion virtuelle. » |
| 504 | |aComprend des références bibliographiques. |
| 610 | 16|aCanada. |tLoi réglementant certaines drogues et autres substances. |
| 650 | 6|aDrogues|xDroit|zColombie-Britannique|xÉvaluation. |
| 710 | 2 |aInstituts de recherche en santé du Canada, |eorganisme de publication. |
| 710 | 2 |aInstitut des neurosciences, de la santé mentale et des toxicomanies (Canada), |eorganisme de publication. |
| 775 | 08|tEvaluation of the British Columbia exemption to allow for personal possession of small amounts of illegal drugs semi-annual meeting : |w(CaOODSP)9.933269 |
| 856 | 40|qPDF|s502 Ko|uhttps://publications.gc.ca/collections/collection_2024/irsc-cihr/MR4-186-2024-fra.pdf |
| 856 | 4 |qHTML|sS.O.|uhttps://cihr-irsc.gc.ca/f/53825.html |